| 000 | 00422nam a22001697a 4500 | ||
|---|---|---|---|
| 003 | NUST - PNEC | ||
| 005 | 20170116180901.0 | ||
| 008 | 150901b xxu||||| |||| 00| 0 eng d | ||
| 020 | _a- | ||
| 040 | _cLIBRARY | ||
| 082 | _a604.2 AND | ||
| 100 |
_96318 _aAndrews,G.H.W. |
||
| 245 |
_aIntroductory Technical Drawing _cG.H.W. Andrews |
||
| 260 | _cc1961 | ||
| 690 |
_96330 _xMechanical Engineering _zME |
||
| 942 |
_2ddc _cBK |
||
| 999 |
_c64961 _d64961 |
||